{"text_format":"3","workbook":"xlsx","n_sheets":1,"sheets":["t11"],"read":"whole","date_system":"1900"}

{"sheet":"t11","index":0,"n_rows":162,"n_cols":7,"rows_kept":162,"merged":[[0,0,0,6],[28,0,28,5],[46,0,46,5],[143,0,143,5]]}
["TABELA 11.1 - Estatísticas Agrícolas, Município de Altair, Estado de São Paulo, 2016/17."]
["ITEM","UNIDADE","N.DE UPAs","MÍNIMO","MÉDIO","MÁXIMO","TOTAL"]
["Distância à sede do município","km",221,0.1,{"v":7.83,"d":"7.8"},{"v":20,"d":"20.0"},"-"]
["Área total","hectare",221,1.2,139.4,{"v":5905,"d":"5,905.0"},{"v":30807.7,"d":"30,807.7"}]
["Área com cultura perene","hectare",42,4.1,{"v":79.92,"d":"79.9"},754.8,{"v":3356.7,"d":"3,356.7"}]
["Área com cultura temporária","hectare",136,2.4,{"v":133.38,"d":"133.4"},{"v":3824,"d":"3,824.0"},{"v":18140.1,"d":"18,140.1"}]
["Área com pastagem","hectare",135,0.2,{"v":19.69,"d":"19.7"},408.6,{"v":2657.6,"d":"2,657.6"}]
["Área com reflorestamento","hectare",5,0.1,{"v":2.06,"d":"2.1"},3.1,10.3]
["Área com vegetação natural","hectare",165,0.1,{"v":22.92,"d":"22.9"},{"v":1460,"d":"1,460.0"},{"v":3781.3,"d":"3,781.3"}]
["Área com vegetação de brejo e várzea","hectare",150,0.1,{"v":9.02,"d":"9.0"},302.2,{"v":1353.4,"d":"1,353.4"}]
["Área em descanso","hectare",13,{"v":1,"d":"1.0"},{"v":57.16,"d":"57.2"},327.3,743.1]
["Área complementar","hectare",144,0.1,{"v":5.31,"d":"5.3"},{"v":554,"d":"554.0"},765.2]
["Área das UPAs com (0, 1] ha","hectare","-","-","-","-","-"]
["Área das UPAs com (1, 2] ha","hectare",1,1.2,1.2,1.2,1.2]
["Área das UPAs com (2, 5] ha","hectare",11,{"v":3,"d":"3.0"},{"v":3.73,"d":"3.7"},4.8,{"v":41,"d":"41.0"}]
["Área das UPAs com (5, 10] ha","hectare",28,5.7,8.3,9.9,232.4]
["Área das UPAs com (10, 20] ha","hectare",41,10.9,15.7,{"v":20,"d":"20.0"},643.5]
["Área das UPAs com (20, 50] ha","hectare",69,20.1,{"v":32.72,"d":"32.7"},48.8,{"v":2258,"d":"2,258.0"}]
["Área das UPAs com (50, 100] ha","hectare",27,50.3,{"v":70.57,"d":"70.6"},99.2,{"v":1905.4,"d":"1,905.4"}]
["Área das UPAs com (100, 200] ha","hectare",16,{"v":102,"d":"102.0"},{"v":134.93,"d":"134.9"},{"v":185,"d":"185.0"},{"v":2158.9,"d":"2,158.9"}]
["Área das UPAs com (200, 500] ha","hectare",13,203.6,{"v":278.41,"d":"278.4"},{"v":494,"d":"494.0"},{"v":3619.3,"d":"3,619.3"}]
["Área das UPAs com (500, 1.000] ha","hectare",10,513.6,{"v":682.75,"d":"682.8"},897.5,{"v":6827.5,"d":"6,827.5"}]
["Área das UPAs com (1.000, 2.000] ha","hectare",2,{"v":1047,"d":"1,047.0"},{"v":1159,"d":"1,159.0"},{"v":1271,"d":"1,271.0"},{"v":2318,"d":"2,318.0"}]
["Área das UPAs com (2.000, 5.000] ha","hectare",2,{"v":2202.2,"d":"2,202.2"},{"v":2448.75,"d":"2,448.8"},{"v":2695.3,"d":"2,695.3"},{"v":4897.5,"d":"4,897.5"}]
["Área das UPAs com (5.000, 10.000] ha","hectare",1,{"v":5905,"d":"5,905.0"},{"v":5905,"d":"5,905.0"},{"v":5905,"d":"5,905.0"},{"v":5905,"d":"5,905.0"}]
["Área das UPAs acima de 10.000 ha","hectare","-","-","-","-","-"]
["Fonte: Secretaria de Agricultura e Abastecimento, CDRS/IEA, Projeto LUPA."]
[]
["TABELA 11.2 - Explorações Animais, Município de Altair, Estado de São Paulo, 2016/17."]
["ITEM","UNIDADE","N.DE UPAs","MÍNIMO","MÉDIO","MÁXIMO","TOTAL"]
["Asininos e muares","cabecas",4,{"v":1,"d":"1.0"},2.5,{"v":7,"d":"7.0"},{"v":10,"d":"10.0"}]
["Avicultura de corte","cabecas/ano",1,{"v":40,"d":"40.0"},{"v":40,"d":"40.0"},{"v":40,"d":"40.0"},{"v":40,"d":"40.0"}]
["Avicultura ornamental/decorativa/exotica","cabecas",8,{"v":10,"d":"10.0"},{"v":23.63,"d":"23.6"},{"v":55,"d":"55.0"},{"v":189,"d":"189.0"}]
["Avicultura para ovos","cabecas",13,{"v":5,"d":"5.0"},{"v":35.38,"d":"35.4"},{"v":80,"d":"80.0"},{"v":460,"d":"460.0"}]
["Bovinocultura de corte","cabecas",3,{"v":10,"d":"10.0"},{"v":270,"d":"270.0"},{"v":700,"d":"700.0"},{"v":810,"d":"810.0"}]
["Bovinocultura leiteira","cabecas",1,{"v":20,"d":"20.0"},{"v":20,"d":"20.0"},{"v":20,"d":"20.0"},{"v":20,"d":"20.0"}]
["Bovinocultura mista","cabecas",103,{"v":3,"d":"3.0"},{"v":38.17,"d":"38.2"},{"v":800,"d":"800.0"},{"v":3931,"d":"3,931.0"}]
["Caprinocultura","cabecas",2,{"v":2,"d":"2.0"},10.5,{"v":19,"d":"19.0"},{"v":21,"d":"21.0"}]
["Cunicultura","cabecas",1,{"v":3,"d":"3.0"},{"v":3,"d":"3.0"},{"v":3,"d":"3.0"},{"v":3,"d":"3.0"}]
["Equinocultura","cabecas",24,{"v":1,"d":"1.0"},{"v":3.54,"d":"3.5"},{"v":20,"d":"20.0"},{"v":85,"d":"85.0"}]
["Ooutra exploracao animal","cabecas",1,{"v":65,"d":"65.0"},{"v":65,"d":"65.0"},{"v":65,"d":"65.0"},{"v":65,"d":"65.0"}]
["Ovinocultura","cabecas",7,{"v":4,"d":"4.0"},{"v":23.57,"d":"23.6"},{"v":46,"d":"46.0"},{"v":165,"d":"165.0"}]
["Piscicultura","m2 tanques",3,{"v":3796,"d":"3,796.0"},{"v":10932,"d":"10,932.0"},{"v":19000,"d":"19,000.0"},{"v":32796,"d":"32,796.0"}]
["Suinocultura","cabecas",11,{"v":2,"d":"2.0"},{"v":14.64,"d":"14.6"},{"v":60,"d":"60.0"},{"v":161,"d":"161.0"}]
["Fonte: Secretaria de Agricultura e Abastecimento, CDRS/IEA, Projeto LUPA."]
[]
["TABELA 11.3 -  Máquinas, Implementos e Benfeitorias, Município de Altair, Estado de São Paulo, 2016/17."]
["ITEM","UNIDADE","N.DE UPAs","MÍNIMO","MÉDIO","MÁXIMO","TOTAL"]
["Arado comum (bacia, aiveca)","unidade",33,{"v":1,"d":"1.0"},{"v":1.03,"d":"1.0"},{"v":2,"d":"2.0"},{"v":34,"d":"34.0"}]
["Arado escarificador","unidade",4,{"v":1,"d":"1.0"},{"v":1.25,"d":"1.3"},{"v":2,"d":"2.0"},{"v":5,"d":"5.0"}]
["Arado subsolador","unidade",10,{"v":1,"d":"1.0"},{"v":1,"d":"1.0"},{"v":1,"d":"1.0"},{"v":10,"d":"10.0"}]
["Batedeira de cereais","unidade",1,{"v":1,"d":"1.0"},{"v":1,"d":"1.0"},{"v":1,"d":"1.0"},{"v":1,"d":"1.0"}]
["Carreta de trator","unidade",28,{"v":1,"d":"1.0"},{"v":1.39,"d":"1.4"},{"v":3,"d":"3.0"},{"v":39,"d":"39.0"}]
["Computador","unidade",1,{"v":5,"d":"5.0"},{"v":5,"d":"5.0"},{"v":5,"d":"5.0"},{"v":5,"d":"5.0"}]
["Conj.irrigacao convencional","unidade",1,{"v":3,"d":"3.0"},{"v":3,"d":"3.0"},{"v":3,"d":"3.0"},{"v":3,"d":"3.0"}]
["Conj.irrigacao/gotejamento/microaspersao","unidade",5,{"v":1,"d":"1.0"},41.2,{"v":200,"d":"200.0"},{"v":206,"d":"206.0"}]
["Desintegrador, picador, triturador","unidade",41,{"v":1,"d":"1.0"},{"v":1.05,"d":"1.1"},{"v":2,"d":"2.0"},{"v":43,"d":"43.0"}]
["Distribuidor de calcario","unidade",26,{"v":1,"d":"1.0"},{"v":1.38,"d":"1.4"},{"v":8,"d":"8.0"},{"v":36,"d":"36.0"}]
["Embarcação","unidade",2,{"v":1,"d":"1.0"},1.5,{"v":2,"d":"2.0"},{"v":3,"d":"3.0"}]
["Ensiladeira","unidade",12,{"v":1,"d":"1.0"},{"v":1.25,"d":"1.3"},{"v":2,"d":"2.0"},{"v":15,"d":"15.0"}]
["Grade aradora (tipo romi)","unidade",24,{"v":1,"d":"1.0"},{"v":1.38,"d":"1.4"},{"v":6,"d":"6.0"},{"v":33,"d":"33.0"}]
["Grade niveladora","unidade",41,{"v":1,"d":"1.0"},{"v":1.61,"d":"1.6"},{"v":4,"d":"4.0"},{"v":66,"d":"66.0"}]
["Implementos para tracao animal","unidade",7,{"v":1,"d":"1.0"},{"v":1,"d":"1.0"},{"v":1,"d":"1.0"},{"v":7,"d":"7.0"}]
["Misturador de racao","unidade",2,{"v":1,"d":"1.0"},{"v":1,"d":"1.0"},{"v":1,"d":"1.0"},{"v":2,"d":"2.0"}]
["Ordenhadeira mecanica","unidade",4,{"v":1,"d":"1.0"},{"v":1.75,"d":"1.8"},{"v":4,"d":"4.0"},{"v":7,"d":"7.0"}]
["Pulverizador tratorizado","unidade",37,{"v":1,"d":"1.0"},{"v":3.05,"d":"3.1"},{"v":8,"d":"8.0"},{"v":113,"d":"113.0"}]
["Resfriador de leite, tanque expansao","unidade",3,{"v":1,"d":"1.0"},{"v":1,"d":"1.0"},{"v":1,"d":"1.0"},{"v":3,"d":"3.0"}]
["Roçadeira tratorizada","unidade",3,{"v":1,"d":"1.0"},{"v":6,"d":"6.0"},{"v":13,"d":"13.0"},{"v":18,"d":"18.0"}]
["Roçadora","unidade",18,{"v":1,"d":"1.0"},{"v":1.39,"d":"1.4"},{"v":2,"d":"2.0"},{"v":25,"d":"25.0"}]
["Semeadeira/adubadeira para plantio convencional","unidade",13,{"v":1,"d":"1.0"},{"v":1.23,"d":"1.2"},{"v":2,"d":"2.0"},{"v":16,"d":"16.0"}]
["Semeadeira/plantadeira plantio direto","unidade",1,{"v":2,"d":"2.0"},{"v":2,"d":"2.0"},{"v":2,"d":"2.0"},{"v":2,"d":"2.0"}]
["Terraceador","unidade",3,{"v":1,"d":"1.0"},{"v":1.33,"d":"1.3"},{"v":2,"d":"2.0"},{"v":4,"d":"4.0"}]
["Trator de pneus  acima de 85 cv","unidade",10,{"v":1,"d":"1.0"},2.6,{"v":5,"d":"5.0"},{"v":26,"d":"26.0"}]
["Trator de pneus até 65 cv","unidade",13,{"v":1,"d":"1.0"},{"v":1.77,"d":"1.8"},{"v":5,"d":"5.0"},{"v":23,"d":"23.0"}]
["Trator de pneus de 66 cv a 85 cv","unidade",50,{"v":1,"d":"1.0"},{"v":2.68,"d":"2.7"},{"v":24,"d":"24.0"},{"v":134,"d":"134.0"}]
["Acude/represa","unidade",50,{"v":1,"d":"1.0"},{"v":2.26,"d":"2.3"},{"v":24,"d":"24.0"},{"v":113,"d":"113.0"}]
["Almoxarifado/oficina","unidade",15,{"v":1,"d":"1.0"},{"v":1.07,"d":"1.1"},{"v":2,"d":"2.0"},{"v":16,"d":"16.0"}]
["Balanca para bovinos","unidade",4,{"v":1,"d":"1.0"},{"v":1,"d":"1.0"},{"v":1,"d":"1.0"},{"v":4,"d":"4.0"}]
["Balanca para veiculos","unidade",1,{"v":1,"d":"1.0"},{"v":1,"d":"1.0"},{"v":1,"d":"1.0"},{"v":1,"d":"1.0"}]
["Barracao para granja/avicultura","unidade",1,{"v":1,"d":"1.0"},{"v":1,"d":"1.0"},{"v":1,"d":"1.0"},{"v":1,"d":"1.0"}]
["Barracao/galpao/garagem","unidade",82,{"v":1,"d":"1.0"},{"v":1.23,"d":"1.2"},{"v":3,"d":"3.0"},{"v":101,"d":"101.0"}]
["Casa de moradia habitada","unidade",99,{"v":1,"d":"1.0"},{"v":1.71,"d":"1.7"},{"v":20,"d":"20.0"},{"v":169,"d":"169.0"}]
["Casa de moradia total","unidade",127,{"v":1,"d":"1.0"},{"v":2.33,"d":"2.3"},{"v":33,"d":"33.0"},{"v":296,"d":"296.0"}]
["Curral/mangueira","unidade",87,{"v":1,"d":"1.0"},{"v":1.02,"d":"1.0"},{"v":2,"d":"2.0"},{"v":89,"d":"89.0"}]
["Deposito/tulha","unidade",79,{"v":1,"d":"1.0"},{"v":1.35,"d":"1.4"},{"v":8,"d":"8.0"},{"v":107,"d":"107.0"}]
["Estacao/posto meteorologico","unidade",2,{"v":1,"d":"1.0"},{"v":1,"d":"1.0"},{"v":1,"d":"1.0"},{"v":2,"d":"2.0"}]
["Pocilga","unidade",17,{"v":1,"d":"1.0"},{"v":1.12,"d":"1.1"},{"v":3,"d":"3.0"},{"v":19,"d":"19.0"}]
["Poco semi-artesiano","unidade",85,{"v":1,"d":"1.0"},{"v":1.13,"d":"1.1"},{"v":3,"d":"3.0"},{"v":96,"d":"96.0"}]
["Silo para silagem","ton",6]
["Fonte: Secretaria de Agricultura e Abastecimento, CDRS/IEA, Projeto LUPA."]
[]
["TABELA 11.4 - Outras Estatísticas Agrícolas, Município de Altair, Estado de São Paulo, 2016/17."]
["ITEM","Número de UPAs",null,"Percentual"]
["Faz Parte de Associação de Produtores",5,null,{"v":2.262443438914027,"d":"2.3"}]
["Faz Parte de Cooperativa de Produtores",17,null,{"v":7.6923076923076925,"d":"7.7"}]
["Faz Parte do Sindicato de Produtores",11,null,{"v":4.97737556561086,"d":"5.0"}]
["Não utiliza assistência técnica ",129,null,{"v":58.3710407239819,"d":"58.4"}]
["Utiliza somente assistência técnica governamental ",5,null,{"v":2.262443438914027,"d":"2.3"}]
["Utiliza somente assistência técnica privada ",82,null,{"v":37.10407239819005,"d":"37.1"}]
["Utiliza assistência técnica tanto governamental quanto privada",5,null,{"v":2.262443438914027,"d":"2.3"}]
["Utiliza Crédito Rural",19,null,{"v":8.597285067873303,"d":"8.6"}]
["Utiliza Seguro Rural",8,null,{"v":3.6199095022624435,"d":"3.6"}]
["Utiliza Escrituração Agrícola",215,null,{"v":97.28506787330316,"d":"97.3"}]
["Acessa Internet p/ Fins na Agropecuária",147,null,{"v":66.5158371040724,"d":"66.5"}]
["Utiliza Computador nas Atividades Agropecuárias",137,null,{"v":61.990950226244344,"d":"62.0"}]
["Utiliza Energia Elétrica Para Uso na Atividade Agrícola",137,null,{"v":61.990950226244344,"d":"62.0"}]
["Utiliza Energia Alternativa","-",null,"-"]
["Realiza Análise de Solo, quando necessário",153,null,{"v":69.23076923076923,"d":"69.2"}]
["Realiza Calagem",155,null,{"v":70.13574660633483,"d":"70.1"}]
["Utiliza Práticas de Conservação de Solo, quando necessário",193,null,{"v":87.33031674208145,"d":"87.3"}]
["Faz Adubação Mineral, quando necessário",160,null,{"v":72.39819004524887,"d":"72.4"}]
["Faz Adubação Orgânica, quando necessário",8,null,{"v":3.6199095022624435,"d":"3.6"}]
["Faz Adubação Verde, quando necessário",3,null,{"v":1.3574660633484161,"d":"1.4"}]
["Utiliza Manejo Integrado de Pragas (MIP)",6,null,{"v":2.7149321266968323,"d":"2.7"}]
["Utiliza Hidroponia","-",null,"-"]
["Utiliza Cultivo em Estufa","-",null,"-"]
["Utiliza Mudas Fiscalizadas",11,null,{"v":4.97737556561086,"d":"5.0"}]
["Utiliza Semente Melhorada",3,null,{"v":1.3574660633484161,"d":"1.4"}]
["Faz Confinamento de Bovinos",5,null,{"v":2.262443438914027,"d":"2.3"}]
["Utiliza Pastejo Intensivo",21,null,{"v":9.502262443438914,"d":"9.5"}]
["Faz Inseminação Artificial",1,null,{"v":0.45248868778280543,"d":"0.5"}]
["Faz Mineralização do Rebanho",99,null,{"v":44.796380090497735,"d":"44.8"}]
["Faz Vermifugação do Rebanho",99,null,{"v":44.796380090497735,"d":"44.8"}]
["Possui Parceiros /Arrendatários na Exploração Animal",45,null,{"v":20.361990950226243,"d":"20.4"}]
["Existência de trabalhadores c/ deficiência na UPA","-",null,"-"]
["Esporte e lazer",1,null,{"v":0.45248868778280543,"d":"0.5"}]
["Extração mineral","-",null,"-"]
["Hotel Fazenda, Pousada ou SPA","-",null,"-"]
["Pesque-pague","-",null,"-"]
["Restaurante ou Lanchonete",1,null,{"v":0.45248868778280543,"d":"0.5"}]
["Transformação artesanal","-",null,"-"]
["Turismo rural ou ecoturismo","-",null,"-"]
["Outras atividades econômicas rurais","-",null,"-"]
["Agroindústria","-",null,"-"]
["Proprietário sem instrução ou com instrução incompleta","-",null,"-"]
["Proprietário com antigo primário completo",22,null,{"v":9.95475113122172,"d":"10.0"}]
["Proprietário com 1° grau (ou antigo ginasial) completo",67,null,{"v":30.316742081447963,"d":"30.3"}]
["Proprietário com 2° grau (ou antigo colegial) completo",61,null,{"v":27.60180995475113,"d":"27.6"}]
["Proprietário com curso superior completo ",62,null,{"v":28.054298642533936,"d":"28.1"}]
["Pessoa Jurídica",9,null,{"v":4.072398190045249,"d":"4.1"}]
["Proprietário residente na própria UPA ",21,null,{"v":9.502262443438914,"d":"9.5"}]
["Fonte: Secretaria de Agricultura e Abastecimento, CDRS/IEA, Projeto LUPA."]
[]
["TABELA 11.5 - Área Cultivada, Município de Altair, Estado de São Paulo, 2016/17."]
["CULTURA","N.DE UPAs","MÍNIMO","MÉDIO","MÁXIMO","TOTAL"]
["Cana-de-acucar finalidade industria",126,{"v":2,"d":"2.0"},{"v":136.92,"d":"136.9"},{"v":3824,"d":"3,824.0"},{"v":17251.7,"d":"17,251.7"}]
["Laranja Industria",36,4.1,{"v":83.85,"d":"83.9"},660.5,{"v":3018.7,"d":"3,018.7"}]
["Braquiaria",131,0.4,{"v":18.64,"d":"18.6"},408.6,{"v":2441.3,"d":"2,441.3"}]
["Soja",1,{"v":700,"d":"700.0"},{"v":700,"d":"700.0"},{"v":700,"d":"700.0"},{"v":700,"d":"700.0"}]
["Seringueira",16,1.5,{"v":19.68,"d":"19.7"},94.3,314.8]
["Outras gramineas para pastagem",1,202.5,202.5,202.5,202.5]
["Milho safra",9,4.8,{"v":16.24,"d":"16.2"},38.7,146.2]
["Amendoim",1,{"v":22,"d":"22.0"},{"v":22,"d":"22.0"},{"v":22,"d":"22.0"},{"v":22,"d":"22.0"}]
["Limao",4,0.4,{"v":4.25,"d":"4.3"},8.2,{"v":17,"d":"17.0"}]
["Milho-silagem",2,3.2,{"v":5.25,"d":"5.3"},7.3,10.5]
["Eucalipto",5,0.1,{"v":2.06,"d":"2.1"},3.1,10.3]
["Cana-de-acucar outras finalidades",2,2.4,{"v":4.85,"d":"4.9"},7.3,9.7]
["Gramas",3,0.2,2.4,4.5,7.2]
["Coloniao",2,{"v":3,"d":"3.0"},3.3,3.6,6.6]
["Tangerina",2,0.4,{"v":1.65,"d":"1.7"},2.9,3.3]
["Lima",1,2.9,2.9,2.9,2.9]
["Fonte: Secretaria de Agricultura e Abastecimento, CDRS/IEA, Projeto LUPA."]